LEADER 01642nam a2200337 u 4500 001 000000054974 003 CaOOAMICUS 005 20070226115731.0 008 010112s1981 it u000 u ita u 035 $a10865330 040 $aPUL(R)$bita 245 03$aLa struttura della soggettività :$blinguaggio e desiderio : saggio su Freud, Lacan, Deleuze /$cPatrizia Cipolletta ... [et al.]. 246 30$aLinguaggio e desiderio 260 $aRoma :$bLa parola,$c1981. 300 $a212 p. ;$c24 cm 500 $aStampato con il contributo de "Il mondo di domani" e del C.N.R., nella raccolta "Il mondo di domani". 504 $aBibliografia: p. 198-209. 600 14$aFreud, Sigmund,$d1856-1939.$0(OLS)http://pul/subject/7812 600 14$aLacan, Jacques,$d1901-1981.$0(OLS)http://pul/subject/8737 600 14$aDeleuze, Gilles,$d1925-1995.$0(OLS)http://pul/subject/22390 650 4$aLinguaggio.$0(OLS)http://pul/subject/4893 700 1 $aCipolletta, Patrizia.$0(OLS)http://pul/name/38826 700 1 $aDovolich, Claudia.$0(OLS)http://pul/name/38827 700 1 $aIannotta, Daniella.$0(OLS)http://pul/name/13565 700 1 $aDi Marco, Chiara.$0(OLS)http://pul/name/33624 850 $aPUL 852 $aPUL$W1$xDP1 Fondo Giannini$y60$m1557 F 8$j72344$nBK-PRI$b $qFondi$B72344$CPULBib$Z2$F72344 $H $81 941 1 $a1 996 $6245$aLa struttura della soggettività :$blinguaggio e desiderio : saggio su Freud, Lacan, Deleuze$9(OLS)http://pul/title/73671 996 $6246$aLinguaggio e desiderio$9(OLS)http://pul/title/73672 996 $6260$aRoma :$bLa parola$9(OLS)http://pul/publisher/68893 LEADER 01577nam a2200325 u 4500 001 000000114989 003 CaOOAMICUS 005 20090403101353.0 008 090325s2008 it u000 u ita u 020 $z978-88-08-14378-5 (v. 2)* 020 $z978-88-08-26618-7 (v. 1)* 040 $aPUL$bita$dLDB 245 03$aIl nuovo processo societario /$cdiretto da Sergio Chiarloni, con la collaborazione di Chiara Besso ... [et al.]. 250 $a2. ed. 260 $aBologna :$bZanichelli,$cc2008. 300 $a2 v. ;$c25 cm. 490 1 $aRiforme del diritto italiano ;$v09 504 $aBibliografia in nota. 650 4$aSocietà commerciali$xDiritto.$0(OLS)http://pul/subject/20655 700 1 $aBesso, Chiara.$0(OLS)http://pul/name/71129 700 1 $aChiarloni, Sergio.$0(OLS)http://pul/name/12062 830 3$aLe riforme del diritto italiano (Zanichelli) ;$v09.$0(OLS)http://pul/title/138577 850 $aPUL 852 $aPUL$W1$xSL Diritto e Scienze Sociali 3$y79$m346. 45 CHISE 1.1$j131681$av. 1$qDDC 21$B130655$CPULBib$Z2$F130655 $H109290 $82 852 $aPUL$W1$xSL Diritto e Scienze Sociali 3$y79$m346. 45 CHISE 1.2$j131873$av. 2$qDDC 21$B130858$CPULBib$Z2$F130858 $H109291 $82 941 1 $a9 996 $6020$z978-88-08-14378-5 (v. 2)*$9(OLS)http://pul/number/140196 996 $6020$z978-88-08-26618-7 (v. 1)*$9(OLS)http://pul/number/140054 996 $6245$aIl nuovo processo societario$9(OLS)http://pul/title/144504 996 $6260$aBologna :$bZanichelli$9(OLS)http://pul/publisher/48255